Bài tập kinh tế học vĩ mô : Chương trình cơ sở /

Salvato in:
Dettagli Bibliografici
Autore principale: Nguyễn, Ái Đoàn, PGS.TS
Natura: Libro
Lingua:Vietnamese
Pubblicazione: Bách Khoa Hà Nội 2006
Tags: Aggiungi Tag
Nessun Tag, puoi essere il primo ad aggiungerne! !
Thư viện lưu trữ: Mạng thư viện Đại học Đà Nẵng
LEADER 00673nam a2200265 4500
001 000027870
003 NG-Đ2006
005 20150403120000.0
008 150403s vm 000 vie
020 |c 0,0000 
040 |a notts 
100 |a Nguyễn, Ái Đoàn, PGS.TS 
245 |a Bài tập kinh tế học vĩ mô : Chương trình cơ sở /  |c Nguyễn Ái Đoàn. 
260 |b Bách Khoa Hà Nội  |c 2006 
OWN |a LTT 
999 |a From the UDN01 
TYP |a Monograph 
TYP |a Printed language 
980 |a Mạng thư viện Đại học Đà Nẵng